000 01729nam a22004217a 4500
003 CHAP
005 20220817044241.0
008 090202s2008 mx a r 00010 spa d
010 _a95740
011 _a96712
035 _a107368
040 _cCHAP
090 _aTesis
100 1 _aMorales Carrera, Elías Rafael.
_978235
245 1 0 _aIdentificacón de ácaros asociados a alimentos para pollo en la empresa Productores Agropecuarios Tepexpan S.A. de C.V. en Acólman Edo. de México
_c/por Elías Rafael Morales Carrera y Jaime Pérez Rodríguez
260 _aChapingo, Méx. :
_bEl autor,
_c2008
300 _av, 38 h. :
_bilus.
502 _aTesis (Ing. Agr. Esp. en Parasitología Agrícola) -- UACH. Departamento de Parasitología Agrícola
530 _aTambién disponible en línea
590 _aALEPH
_b10
_c20130110
_lUCH01
_h1526
590 _aBATCH-UPD
_b10
_c20130110
_lUCH01
_h0535
590 _aBATCH-UPD
_b10
_c20130410
_lUCH01
_h0215
590 _aBATCH-UPD
_b10
_c20130410
_lUCH01
_h1611
590 _aBATCH-UPD
_b10
_c20130914
_lUCH01
_h0216
590 _aBATCH-UPD
_b10
_c20140324
_lUCH01
_h1509
590 _aBATCH-UPD
_b10
_c20141002
_lUCH01
_h0838
590 _aCONVERSION
_b10
_c20130109
_lUCH01
_h1353
650 1 4 _aÁcaros.
650 1 4 _aAlimentos
_xAlmacenamiento
_xPlagas.
_94163
650 1 4 _aAves de corral
_xAlimentación.
_98638
650 1 4 _aEmpresas agropecuarias.
_936649
700 1 _aPérez Rodríguez, Jaime.
_989984
856 _3Finding aid
_uhttp://10.13.5.2/tesis/107368.pdf
_zTeclea aqui
901 _aBK
942 _cFOLL
949 _aTesis
_bBC
_cTES
_d33724002085149
_eTS1
_gDonaciØn
_h48634
_i107368
_sb
949 _aTesis
_bBC
_cTES
_d33724002085181
_eTS2
_fc.2
_gDonaciØn
_h48635
_i107368
_sb
999 _c95740
_d95740